Fados = Fados /
Fados es una película documental que cierra la trilogía iniciada con Flamenco y Tango, de Carlos Saura. Fado es un género musical que surge en Lisboa y expresa situaciones melancólicas y tristes de la vida cotidiana; el filme da cuenta de esta música a través de reconocidos intérpretes.
Zapisane w:
| 1. autor: | |
|---|---|
| Kolejni autorzy: | , , |
| Format: | |
| Język: | portugalski |
| Hasła przedmiotowe: | |
| Etykiety: |
Nie ma etykietki, Dołącz pierwszą etykiete!
|
MARC
| LEADER | 00000ngm^a2200000^a^4500 | ||
|---|---|---|---|
| 001 | 000300726 | ||
| 005 | 20251020000000.0 | ||
| 009 | 20260310112524.102 | ||
| 037 | |a Acervo ITESO - Biblioteca | ||
| 041 | |a POR | ||
| 082 | |a 786. 18094691 |b SAU | ||
| 100 | |a Saura, Carlos |e (realización) | ||
| 240 | 1 | 1 | |a [Fados] |
| 245 | 1 | 0 | |a Fados = |b Fados / |c Realización de C. Saura. |
| 264 | 2 | |a Nueva York, EUA : |b Zeitgeist Films [distribución], |c 2009, c2009 | |
| 300 | |a 1 DVD región 1 (92 min.) : |b color + |e 1 tríptico | ||
| 336 | |a imagen móvil bidimensional |b tdi |2 rdacontenido | ||
| 337 | |a video |b v |2 rdamedio | ||
| 338 | |a videodisco |b vd |2 rdasoporte | ||
| 520 | |a Fados es una película documental que cierra la trilogía iniciada con Flamenco y Tango, de Carlos Saura. Fado es un género musical que surge en Lisboa y expresa situaciones melancólicas y tristes de la vida cotidiana; el filme da cuenta de esta música a través de reconocidos intérpretes. | ||
| 545 | 0 | |a Carlos Saura (Huesca, 1932) es el director de las que constituyen, muy probablemente, las mejores películas sobre el franquismo hechas cuando el régimen daba sus últimos estertores. Con ellas, a la par que la censura en su país, obtuvo numerosos premios, entre ellos el de mejor director en Cannes y Berlín. La caza, Cría cuervos, Ana y los lobos, La prima Angélica, El jardín de las delicias, son películas emblemáticas del período. Su obra posterior, como la trilogía flamenca -con Bodas de sangre a la cabeza-, El sur, Tango o Goya en Burdeos, sin dejar de tener sus méritos, nunca ha igualado a sus películas iniciales. Con ¡Esa luz! comienza su andadura como literato. | |
| 546 | |a En portugués, con subtítulos opcionales: inglés | ||
| 586 | |a Premio de la Academia Europea de Cine (21°: 2008): Mejor Documental – Premio ARTE (finalista) | ||
| 586 | |a Premio Goya, de la Academia Española de Cine (22°: 2008): Mejor Película Documental (finalista) | ||
| 586 | |a Premio Cóndor de Plata, de la Asociación de Cronistas Cinematográficos de Argentina (57°: 2009): Mejor Película Iberoamericana (finalista) | ||
| 586 | |a Premio Sur, de la Academia Argentina de Cine (4°: 2009): Mejor Película Extranjera (finalista) | ||
| 649 | |a XX | ||
| 650 | |a Películas Musicales | ||
| 650 | |a Documentales | ||
| 650 | |a Cine en Portugués - |z España | ||
| 650 | |a Cine Español - |y 2000-2009 | ||
| 650 | |a Cine Español - |y Siglo XXI | ||
| 650 | |a Fado - |z Portugal - |x Tema Principal | ||
| 650 | |a Música Folklórica - |z Portugal | ||
| 650 | |a Música Popular - |z Portugal | ||
| 650 | |a Música Portuguesa | ||
| 650 | |a Cultura Popular - |z Portugal | ||
| 650 | |a Portugal en el Cine | ||
| 700 | |a López-Linares, José Luis |e (fotógrafo) | ||
| 700 | |a Serra, Eduardo |e (fotógrafo) | ||
| 700 | |a Juániz, Julia |e (montaje) | ||
| 910 | |a Fondo General | ||
| 920 | |a Audiovisuales - DVDs | ||
| 940 | |a Películas | ||
| 905 | |a 307 | ||
| 901 | |a 0500198517 |b IT2 |c MIM |u 20251020 | ||
| 902 | |a https://opac.biblio.iteso.mx/vufind/Record/000300726 | ||